Analisis de la asignacion de los costos conjunto a las procesadoras de arroz de la provincia Sanchez Ramirez (año 2012) / Margarita Lantigua Cabrera, Tomas Hernandez Sanchez e Ysabel Ventura Manzueta. Asesor: Licdo. Jorge Custodio (Registro nro. 11801)

Detalles MARC
000 -LEADER
fixed length control field 00625nam a22001691a 4500
001 - CONTROL NUMBER
control field 11801
003 - CONTROL NUMBER IDENTIFIER
control field OSt
005 - DATE AND TIME OF LATEST TRANSACTION
control field 20260204212257.0
008 - FIXED-LENGTH DATA ELEMENTS--GENERAL INFORMATION
fixed length control field 130524s2012||||dr ||||||b||||||||||spa||
090 ## - LOCALLY ASSIGNED LC-TYPE CALL NUMBER (OCLC); LOCAL CALL NUMBER (RLIN)
Classification number (OCLC) (R) ; Classification number, CALL (RLIN) (NR) CT-2012-009
100 ## - ASIENTO PRINCIPAL -- NOMBRE PERSONAL
Personal name Lantigua Cabrera, Margarita.
245 ## - TÍTULO PROPIAMENTE DICHO: SUBTÍTULO
Title Analisis de la asignacion de los costos conjunto a las procesadoras de arroz de la provincia Sanchez Ramirez (año 2012) / Margarita Lantigua Cabrera, Tomas Hernandez Sanchez e Ysabel Ventura Manzueta. Asesor: Licdo. Jorge Custodio
264 ## - PRODUCTION, PUBLICATION, DISTRIBUTION, MANUFACTURE, AND COPYRIGHT NOTICE
Place of production, publication, distribution, manufacture Santo Domingo: El Autor
502 ## - THESIS NOTE
Dissertation note Tesis (Contabilidad)
650 ## - ASIENTO SECUNDARIO DE MATERIA -- TERMINO TOPICO
Asiento secundario de materia CONTABILIDAD.Ì
942 ## - ADDED ENTRY ELEMENTS (KOHA)
Source of classification or shelving scheme Dewey Decimal Classification
Koha item type Tesis

No hay ítems disponibles.

© 2021 Derechos Reservados UTECO - Teléfono: +1 809-585-2291 - Correo electrónico: biblioteca@uteco.edu.do​  
Código postal 43000 ​​
Dirección: Avenida Universitaria No. 100, 
Cotuí, Provincia Sánchez Ramírez, República Dominicana - RNC: 404-00059-6